ბათუმის შოთა რუსთაველის სახელმწიფო უნივერსიტეტის ბიბლიოთეკა

ძველი ქართული მწერლობის კერები:ქართული კულტურის ისტორია. ქართული კულტურის კერები საზღვარგარეთ. (ბიბ.ჩანაწერი № 51619)

000 -LEADER
fixed length control field 01154nam a2200241Ia 4500
001 - CONTROL NUMBER
control field 18610
003 - CONTROL NUMBER IDENTIFIER
control field GE_BSU
008 - FIXED-LENGTH DATA ELEMENTS--GENERAL INFORMATION
fixed length control field 181216s||||||||xx |||||||||||||| ||und||
040 ## - CATALOGING SOURCE
Transcribing agency GE_BSU
080 ## - UNIVERSAL DECIMAL CLASSIFICATION NUMBER
Universal Decimal Classification number 008(479.22)(09)
100 ## - MAIN ENTRY--PERSONAL NAME
Personal name მენაბდე,ლ.
245 ## - TITLE STATEMENT
Title ძველი ქართული მწერლობის კერები:ქართული კულტურის ისტორია. ქართული კულტურის კერები საზღვარგარეთ.
260 ## - PUBLICATION, DISTRIBUTION, ETC.
Place of publication, distribution, etc. თბილისი
260 ## - PUBLICATION, DISTRIBUTION, ETC.
Name of publisher, distributor, etc. თბილისის უნ-ტის გამ-ბა
260 ## - PUBLICATION, DISTRIBUTION, ETC.
Date of publication, distribution, etc. 1980
300 ## - PHYSICAL DESCRIPTION
Extent 496 გვ.21 სმ.
300 ## - PHYSICAL DESCRIPTION
Dimensions საძიებელი გვ.449-473
520 ## - SUMMARY, ETC.
Summary, etc. ქსეროქსი
653 ## - INDEX TERM--UNCONTROLLED
Uncontrolled term ქსეროქსი
653 ## - INDEX TERM--UNCONTROLLED
Uncontrolled term ძველი ქართული მწერლობის კერები:ქართული კულტურის ისტორია. ქართული კულტურის კერები საზღვარგარეთ.
942 ## - ADDED ENTRY ELEMENTS (KOHA)
Koha item type წიგნი
ეგზემპლარები
Withdrawn status Lost status Damaged status Not for loan Date acquired Barcode Date last seen Price effective from Koha item type Public note
        2018-12-17 00353 ქსეროქსი 2018-12-17 2018-12-17 წიგნი ქსეროქსი
        2018-12-17 00354 ქსეროქსი 2018-12-17 2018-12-17 წიგნი ქსეროქსი